[Event "Beacon Seniors op"]
[Site "Exmouth"]
[Date "2006.11.16"]
[Round "4"]
[White "Bullock, Alf C"]
[Black "Purry, Nigel"]
[Result "1-0"]
[WhiteElo "1472"]
[BlackElo "1368"]
[PlyCount "119"]
[EventDate "2006.11.13"]
[EventType "swiss"]
[EventRounds "5"]
[EventCountry "ENG"]
[SourceTitle "EXT 2008"]
[Source "ChessBase"]
[SourceDate "2007.11.25"]
[SourceVersion "1"]
[SourceVersionDate "2007.11.25"]
[SourceQuality "1"]

1. g3 Nf6 2. Bg2 d5 3. e3 Bg4 4. Ne2 e5 5. d3 Be7 6. Nd2 c6 7. b3 0-0 8. 0-0 Nbd7 9. Bb2 h6 10. a3 Qb8 11. h3 Bf5 12. e4 Be6 13. c3 Nc5 14. Qc2 Bd6 15. b4 Ncd7 16. Nb3 dxe4 17. dxe4 Nh7 18. Rad1 Rd8 19. c4 Bc7 20. Rd2 Ndf8 21. Rfd1 Rxd2 22. Rxd2 Ng5 23. h4 Ngh7 24. Nc5 f6 25. Nxe6 Nxe6 26. Bh3 Nhf8 27. Bxe6+ Nxe6 28. Qd1 Qe8 29. Bc1 Rd8 30. Rxd8 Qxd8 31. Qxd8+ Bxd8 32. c5 a5 33. Bd2 a4 34. Be3 Kf7 35. Nc3 Nd4 36. Bxd4 exd4 37. Nxa4 Ke6 38. f4 g5 39. hxg5 fxg5 40. Kf2 Bc7 41. fxg5 hxg5 42. g4 Bf4 43. Nb2 Be3+ 44. Kf3 Bf4 45. Nc4 Bc7 46. a4 Ke7 47. Ke2 Ke6 48. Kd3 Be5 49. Nxe5 Kxe5 50. b5 cxb5 51. axb5 Kf4 52. c6 bxc6 53. bxc6 Kxg4 54. c7 Kf4 55. Kxd4 g4 56. e5 g3 57. c8Q g2 58. Qg8 Kf3 59. Qxg2+ Kxg2 60. e6 1-0

[Event "Beacon Seniors op 60+"]
[Site "Exmouth"]
[Date "2005.11.18"]
[Round "5"]
[White "Purry, Nigel"]
[Black "Carrick, Peter"]
[Result "0-1"]
[WhiteElo "1344"]
[BlackElo "1256"]
[PlyCount "80"]
[EventDate "2005.11.14"]
[EventType "swiss"]
[EventRounds "5"]
[EventCountry "ENG"]
[SourceTitle "EXT 2007"]
[Source "ChessBase"]
[SourceDate "2006.11.23"]
[SourceVersion "1"]
[SourceVersionDate "2006.11.23"]
[SourceQuality "1"]

1. e4 d5 2. exd5 Qxd5 3. Nc3 Qa5 4. Nf3 Bg4 5. h3 Bh5 6. Be2 Nd7 7. 0-0 Ngf6 8. d4 c6 9. Bf4 e6 10. a3 Bxf3 11. Bxf3 Be7 12. b4 Qd8 13. Bg3 Nb6 14. b5 Nfd5 15. Nxd5 cxd5 16. a4 Nc4 17. Ra2 Bf6 18. c3 0-0 19. Be2 Rc8 20. Bxc4 Rxc4 21. Qf3 Qa5 22. Rc1 Bxd4 23. Bd6 Rfc8 24. Bb4 Qc7 25. Ra3 Rxb4 26. cxb4 Qxc1+ 27. Kh2 Be5+ 28. g3 Rc3 29. Rxc3 Qxc3 30. Qxc3 Bxc3 31. Kg2 d4 32. Kf1 d3 33. f3 d2 34. Ke2 Bxb4 35. g4 Kf8 36. Kd1 Ke7 37. Ke2 Kd7 38. h4 Kc7 39. h5 h6 40. Kd1 Kb6 0-1